000 00569nam a22002297a 4500
003 UA-OsUOA
001 64132
007 ta
008 20091102b un ||||| |||| 00| 0 ukr d
100 _aШаройко В.
090 _a821.161.2
_bШ26
942 _cBK
040 _aUA-OsUOA
_bukr
_cUA-OsUOA
_dUA-OsUOA
245 _aЗарозумілий павич
300 _a64 с.
955 _a3
041 _aukr
080 _a821.161.2
260 _aК.
_c1989
650 7 _a82 Література. Літературознавство
_2UDC
999 _c350086
_d350086